[Event "13th Poti Nana Aleksandria Cup"]
[Site "Poti"]
[Date "2018.07.14"]
[Round "2"]
[White "Tihonov, Gennady"]
[Black "Pshmahov, Osman"]
[Result "0-1"]
[WhiteElo "1845"]
[BlackElo "2136"]
[Annotator "NA"]
[PlyCount "98"]
[EventDate "2018.07.13"]
[EventType "swiss"]
[EventCountry "GEO"]
[SourceTitle "playchess.com"]
[Source "ChessBase"]
[SourceQuality "1"]
[TimeControl "40/5400+30:1800+30"]

1. e4 {[%emt 0:00:00]} d6 {[%emt 0:00:00]} 2. Nc3 {[%emt 0:00:25]} Nf6 {[%emt 0:00:00]} 3. d3 {[%emt 0:00:21]} g6 {[%emt 0:00:00]} 4. g3 {[%emt 0:00:17]} Bg7 {[%emt 0:00:00]} 5. Bg2 {[%emt 0:00:08]} O-O {[%emt 0:00:00]} 6. Nge2 {[%emt 0:02:13]} c5 {[%emt 0:00:26]} 7. O-O {[%emt 0:00:44]} Nc6 {[%emt 0:00:01]} 8. h3 {[%emt 0:01:14]} Rb8 {[%emt 0:01:39] LiveBook: 131 Games} 9. Nf4 {[%emt 0:08:18] B25: Sizilianisch (Geschlossenes System)} (9. f4 Nd7 10. Nd5 e6 11. Ne3 b5 12. f5 Bb7 13. c3 b4 14. Ng4 bxc3 15. bxc3 exf5 16. exf5 Nce5 17. Bxb7 Rxb7 {½-½ (46) Aronian,L (2764)-Vachier Lagrave,M (2789) Leuven 2018}) 9... b5 {[%emt 0:01:13]} 10. Ncd5 {[%emt 0:00:39]} e6 $146 {[%emt 0:00:10]} ({Vorgänger:} 10... Nd7 11. Ne2 e6 12. Ne3 Nb6 13. f4 Nd4 14. c3 Nxe2+ 15. Qxe2 {0-1 (55) Frick,C (2254)-Samartsev,A (2160) Opatija 2013}) 11. Nxf6+ {[%emt 0:01:01]} Bxf6 {[%emt 0:00:08]} 12. h4 {[%emt 0:02:47]} Ne7 {[%emt 0:00:54]} 13. h5 {[%emt 0:03:41]} e5 {[%emt 0:00:46]} 14. Nh3 {[%emt 0:02:41]} Nc6 {[%emt 0:04:27]} 15. Bh6 {[%emt 0:02:24]} Re8 {[%emt 0:00:34]} 16. Be3 {[%emt 0:03:58]} Be6 {[%emt 0:05:13]} 17. c3 {[%emt 0:06:38]} b4 {[%emt 0:01:54]} 18. Qe2 {[%emt 0:06:50] [#]} c4 $1 {[%emt 0:01:49]} 19. Rfd1 {[%emt 0:07:35]} bxc3 {[%emt 0:01:07]} 20. bxc3 {[%emt 0:00:08]} cxd3 {[%emt 0:00:45]} 21. Qxd3 {[%emt 0:00:37]} Be7 {[%emt 0:00:21]} ({Reject} 21... gxh5 $6 22. Qxd6 Rc8 23. Qxd8 $11) 22. hxg6 {[%emt 0:05:33]} hxg6 {[%emt 0:00:30]} 23. Qa6 {[%emt 0:01:54]} Qc8 {[%emt 0:00:52]} 24. Qxc8 {[%emt 0:00:20]} Rexc8 {[%emt 0:00:02]} 25. Ng5 {[%emt 0:02:01]} Bg4 {[%emt 0:01:11]} 26. Rdb1 {[%emt 0:01:38]} f6 {[%emt 0:03:46]} 27. Nf3 {[%emt 0:00:47]} Be6 {[%emt 0:00:11]} 28. a4 {[%emt 0:01:33]} Na5 {[%emt 0:03:04]} 29. Rxb8 {[%emt 0:02:31]} Rxb8 {[%emt 0:00:00]} 30. Bxa7 {[%emt 0:00:28]} Ra8 {[%emt 0:00:02]} 31. Be3 {[%emt 0:01:40]} Nb3 {[%emt 0:00:03]} 32. Rb1 {[%emt 0:02:55]} Rxa4 {[%emt 0:00:42]} 33. Nd2 {[%emt 0:02:59]} Nc5 {[%emt 0:00:25]} 34. Rb4 {[%emt 0:04:46]} Ra3 {[%emt 0:01:49]} 35. c4 {[%emt 0:01:39]} Nd3 {[%emt 0:01:17]} 36. Rb7 {[%emt 0:01:54]} Kf8 {[%emt 0:01:37]} 37. Kh2 {[%emt 0:01:54]} Nc5 {[%emt 0:01:35]} 38. Rb6 {[%emt 0:02:36]} Kf7 {[%emt 0:04:54]} 39. Rb4 {[%emt 0:02:07]} Nd7 {[%emt 0:01:34]} 40. Bf1 {[%emt 0:02:46]} d5 {[%emt 0:02:05]} 41. Rb3 {[%emt 0:39:13]} d4 {[%emt 0:32:00]} 42. Rxa3 {[%emt 0:00:23]} Bxa3 {[%emt 0:00:01]} 43. Nb1 {[%emt 0:00:31]} Bb2 {[%emt 0:01:28]} 44. Bd2 {[%emt 0:00:24]} Nc5 {[%emt 0:00:09]} 45. f3 {[%emt 0:00:57]} Ke7 {[%emt 0:04:43]} 46. Kg2 {[%emt 0:01:35]} Kd7 $17 {[%emt 0:00:33]} 47. Kf2 {[%emt 0:01:14]} Kc6 {[%emt 0:00:12]} 48. Bb4 {[%emt 0:00:51]} f5 {[%emt 0:00:39]} 49. exf5 {[%emt 0:02:29]} gxf5 {[%emt 0:01:12]} 0-1

[Event "13th Poti Nana Aleksandria Cup"]
[Site "Poti"]
[Date "2018.07.14"]
[Round "2"]
[White "Bibilashvili, Lali"]
[Black "Mesropian, Khachatur"]
[Result "0-1"]
[WhiteElo "1816"]
[BlackElo "2128"]
[Annotator "NA"]
[PlyCount "109"]
[EventDate "2018.07.13"]
[EventType "swiss"]
[EventCountry "GEO"]
[SourceTitle "playchess.com"]
[Source "ChessBase"]
[SourceQuality "1"]
[TimeControl "40/5400+30:1800+30"]

1. c4 {[%emt 0:00:57]} Nf6 {[%emt 0:00:00]} 2. Nc3 {[%emt 0:00:04]} d5 {[%emt 0:00:00]} 3. cxd5 {[%emt 0:00:05]} Nxd5 {[%emt 0:00:00]} 4. Nf3 {[%emt 0:00:39]} g6 {[%emt 0:00:31]} 5. g3 {[%emt 0:05:45]} Bg7 {[%emt 0:00:09]} 6. Bg2 {[%emt 0:00:08]} O-O {[%emt 0:00:59]} 7. O-O {[%emt 0:01:14]} c5 {[%emt 0:02:28]} 8. Qb3 {[%emt 0:12:44]} Nb6 {[%emt 0:01:15]} 9. d3 {[%emt 0:02:36]} Nc6 {[%emt 0:01:43]} 10. Be3 {[%emt 0:04:57]} Nd4 {[%emt 0:01:41]} 11. Bxd4 {[%emt 0:00:26]} cxd4 {[%emt 0:00:16]} 12. Ne4 {[%emt 0:01:53]} Be6 {[%emt 0:03:59]} 13. Qa3 {[%emt 0:05:07]} Bd5 {[%emt 0:00:57]} 14. Rac1 {[%emt 0:04:58]} a6 {[%emt 0:10:30]} 15. Qa5 {[%emt 0:06:33]} Rc8 {[%emt 0:02:25]} 16. a4 {[%emt 0:11:11]} f5 {[%emt 0:21:42]} 17. Rxc8 {[%emt 0:25:05]} Nxc8 {[%emt 0:00:54]} 18. Qxd8 {[%emt 0:00:02]} Rxd8 {[%emt 0:00:11]} 19. Ned2 {[%emt 0:01:43]} Nb6 {[%emt 0:01:24]} 20. a5 {[%emt 0:03:09]} Na4 {[%emt 0:00:58]} 21. b3 {[%emt 0:01:18]} Nc3 {[%emt 0:00:41]} 22. Re1 {[%emt 0:00:38]} e5 {[%emt 0:02:14]} 23. Nc4 {[%emt 0:03:16]} e4 {[%emt 0:06:01]} 24. Nfd2 {[%emt 0:02:06]} Bf8 {[%emt 0:02:09]} 25. f3 {[%emt 0:02:56]} e3 {[%emt 0:00:52]} 26. Nb1 {[%emt 0:00:03]} Nb5 {[%emt 0:03:19]} 27. f4 {[%emt 0:01:34]} Bb4 {[%emt 0:02:21]} 28. Rc1 {[%emt 0:01:19]} Bxg2 {[%emt 0:00:23]} 29. Kxg2 {[%emt 0:00:03]} Rc8 {[%emt 0:00:57]} 30. Rg1 {[%emt 0:00:24]} Nd6 {[%emt 0:01:05]} 31. Nba3 {[%emt 0:00:19]} Nb5 {[%emt 0:02:20]} 32. Nb1 {[%emt 0:01:27]} Na7 {[%emt 0:04:24]} 33. Nba3 {[%emt 0:01:03]} Rc5 {[%emt 0:00:48]} 34. Kf3 {[%emt 0:00:47]} Bxa3 {[%emt 0:02:31]} 35. Nxa3 {[%emt 0:00:05]} Rxa5 {[%emt 0:00:20]} 36. Nc4 {[%emt 0:00:41]} Rd5 {[%emt 0:02:05]} 37. g4 {[%emt 0:00:08]} Kf8 {[%emt 0:02:35]} 38. gxf5 {[%emt 0:00:06]} gxf5 {[%emt 0:01:23]} 39. Rg5 {[%emt 0:00:03]} Nc6 {[%emt 0:00:56]} 40. h4 {[%emt 0:00:00]} Ne7 {[%emt 0:00:00]} 41. Ne5 {[%emt 0:05:01]} Rd6 {[%emt 0:06:25]} 42. h5 {[%emt 0:03:49]} a5 {[%emt 0:01:01]} 43. Nc4 {[%emt 0:03:40]} Ra6 {[%emt 0:00:47]} 44. Na3 {[%emt 0:02:26]} a4 {[%emt 0:02:48]} 45. bxa4 {[%emt 0:03:35]} Rxa4 {[%emt 0:00:10]} 46. Nb5 {[%emt 0:00:33]} h6 {[%emt 0:01:12]} 47. Rg1 {[%emt 0:00:20]} Rb4 {[%emt 0:00:57]} 48. Nd6 {[%emt 0:00:37]} Rb6 {[%emt 0:01:42]} 49. Nc4 {[%emt 0:00:16]} Rb4 {[%emt 0:02:49]} 50. Ra1 {[%emt 0:07:45]} Kg7 {[%emt 0:02:42]} 51. Ne5 {[%emt 0:01:55]} Kf6 {[%emt 0:04:27]} 52. Rc1 {[%emt 0:00:37]} Ke6 {[%emt 0:02:43]} 53. Rg1 {[%emt 0:00:26]} b5 {[%emt 0:01:33]} 54. Ra1 {[%emt 0:02:22]} Ra4 {[%emt 0:00:30]} 55. Rc1 {[%emt 0:00:46]} 0-1

[Event "13th Poti Nana Aleksandria Cup"]
[Site "Poti"]
[Date "2018.07.15"]
[Round "4"]
[White "Pantsulaia, Levan"]
[Black "Sattarov, Bobir"]
[Result "1-0"]
[WhiteElo "2575"]
[BlackElo "2328"]
[Annotator "ChessBase"]
[PlyCount "109"]
[EventDate "2018.07.13"]
[EventType "swiss"]
[EventCountry "GEO"]
[SourceTitle "playchess.com"]
[Source "ChessBase"]
[SourceQuality "1"]
[TimeControl "40/5400+30:1800+30"]

1. Nf3 {[%emt 0:00:00]} Nf6 {[%emt 0:05:34]} 2. g3 {[%emt 0:00:01]} g6 {[%emt 0:00:07]} 3. b3 {[%emt 0:00:37]} Bg7 {[%emt 0:02:30]} 4. Bb2 {[%emt 0:00:10]} d6 {[%emt 0:00:06]} 5. d4 {[%emt 0:00:07]} c5 {[%emt 0:02:17]} 6. Bg2 {[%emt 0:00:38]} cxd4 {[%emt 0:01:46]} 7. Nxd4 {[%emt 0:00:18]} d5 {[%emt 0:00:19]} 8. O-O {[%emt 0:01:37]} O-O {[%emt 0:03:10]} 9. c4 {[%emt 0:03:13]} dxc4 {[%emt 0:03:19]} 10. Na3 {[%emt 0:01:23]} cxb3 {[%emt 0:11:32]} 11. Qxb3 {[%emt 0:00:22]} Nc6 {[%emt 0:00:47]} 12. Rfd1 {[%emt 0:00:15]} Qa5 {[%emt 0:03:56]} 13. Bxc6 {[%emt 0:06:37]} bxc6 {[%emt 0:00:07]} 14. Nxc6 {[%emt 0:00:06]} Qh5 {[%emt 0:11:20]} 15. Nxe7+ {[%emt 0:01:28]} Kh8 {[%emt 0:00:02]} 16. Nxc8 {[%emt 0:32:47]} Rfxc8 {[%emt 0:06:34]} 17. Qf3 {[%emt 0:09:55]} Qxf3 {[%emt 0:06:37]} 18. exf3 {[%emt 0:00:07]} Ne8 {[%emt 0:01:08]} 19. Bxg7+ {[%emt 0:01:32]} Kxg7 {[%emt 0:00:02]} 20. Rac1 {[%emt 0:03:36]} Rab8 {[%emt 0:03:28]} 21. Nc4 {[%emt 0:03:27]} Rc5 {[%emt 0:04:42]} 22. Ne3 {[%emt 0:00:54]} Rxc1 {[%emt 0:01:01]} 23. Rxc1 {[%emt 0:00:05]} Rb2 {[%emt 0:00:07]} 24. Rc2 {[%emt 0:03:09]} Rxc2 {[%emt 0:01:54]} 25. Nxc2 {[%emt 0:00:06]} Kf6 {[%emt 0:00:22]} 26. Nd4 {[%emt 0:05:49]} a6 {[%emt 0:00:32]} 27. f4 {[%emt 0:00:06]} Ke7 {[%emt 0:00:30]} 28. Kf1 {[%emt 0:00:34]} Kd6 {[%emt 0:00:15]} 29. Ke2 {[%emt 0:00:06]} Kc5 {[%emt 0:00:42]} 30. Kd3 {[%emt 0:00:08]} Nd6 {[%emt 0:01:37]} 31. g4 {[%emt 0:01:57]} Kb4 {[%emt 0:14:40]} 32. Nc2+ {[%emt 0:00:30]} Kc5 {[%emt 0:00:02]} 33. f3 {[%emt 0:00:49]} Ne8 {[%emt 0:01:55]} 34. h4 {[%emt 0:04:07]} a5 {[%emt 0:02:17]} 35. Nd4 {[%emt 0:02:58]} Nd6 {[%emt 0:04:31]} 36. Kc3 {[%emt 0:03:16]} Nb5+ {[%emt 0:03:15]} 37. Nxb5 {[%emt 0:00:08]} Kxb5 {[%emt 0:00:02]} 38. Kd4 {[%emt 0:01:00]} Kb4 {[%emt 0:01:39]} 39. Ke5 {[%emt 0:00:06]} Ka3 {[%emt 0:00:31]} 40. Kf6 {[%emt 0:00:00]} Kxa2 {[%emt 0:00:00]} 41. Kxf7 {[%emt 0:00:17]} a4 {[%emt 0:00:13]} 42. f5 {[%emt 0:00:11]} gxf5 {[%emt 0:04:21]} 43. gxf5 {[%emt 0:00:06]} a3 {[%emt 0:00:18]} 44. f6 {[%emt 0:00:05]} Kb1 {[%emt 0:05:02]} 45. Kg8 {[%emt 0:00:08]} a2 {[%emt 0:00:06]} 46. f7 {[%emt 0:00:04]} a1=Q {[%emt 0:00:05]} 47. f8=Q {[%emt 0:00:09]} Qe5 {[%emt 0:01:06]} 48. f4 {[%emt 0:06:33]} Qd5+ {[%emt 0:14:44]} 49. Kg7 {[%emt 0:00:28]} h5 {[%emt 0:00:22]} 50. f5 {[%emt 0:00:47]} Qd4+ {[%emt 0:00:21]} 51. Qf6 {[%emt 0:00:07]} Qf4 {[%emt 0:01:01]} 52. Qg6 {[%emt 0:01:17]} Qxh4 {[%emt 0:01:16]} 53. f6+ {[%emt 0:00:06]} Ka2 {[%emt 0:03:17]} 54. f7 {[%emt 0:00:10]} Qd4+ {[%emt 0:00:08]} 55. Qf6 {[%emt 0:00:09]} 1-0

[Event "13th Poti Nana Aleksandria Cup"]
[Site "Poti"]
[Date "2018.07.15"]
[Round "4"]
[White "Matsenko, Sergei"]
[Black "Harutjunyan, Gevorg"]
[Result "1-0"]
[WhiteElo "2539"]
[BlackElo "2418"]
[Annotator "ChessBase"]
[PlyCount "151"]
[EventDate "2018.07.13"]
[EventType "swiss"]
[EventCountry "GEO"]
[SourceTitle "playchess.com"]
[Source "ChessBase"]
[SourceQuality "1"]
[TimeControl "40/5400+30:1800+30"]

1. Nf3 {[%emt 0:00:00]} d5 {[%emt 0:01:11]} 2. d4 {[%emt 0:00:00]} Nc6 {[%emt 0:00:18]} 3. c4 {[%emt 0:03:59]} Bg4 {[%emt 0:00:21]} 4. Nc3 {[%emt 0:00:11]} e6 {[%emt 0:01:01]} 5. cxd5 {[%emt 0:00:17]} exd5 {[%emt 0:00:16]} 6. Bg5 {[%emt 0:00:19]} Be7 {[%emt 0:05:11]} 7. Bxe7 {[%emt 0:00:30]} Ngxe7 {[%emt 0:00:06]} 8. e3 {[%emt 0:00:02]} O-O {[%emt 0:00:35]} 9. Be2 {[%emt 0:03:38]} a6 {[%emt 0:06:49]} 10. Na4 {[%emt 0:06:18]} Qd6 {[%emt 0:02:05]} 11. O-O {[%emt 0:00:33]} Na5 {[%emt 0:09:02]} 12. Nc5 {[%emt 0:02:54]} b6 {[%emt 0:01:53]} 13. Nd3 {[%emt 0:04:03]} f6 {[%emt 0:02:45]} 14. Rc1 {[%emt 0:01:03]} Bd7 {[%emt 0:01:58]} 15. Rc3 {[%emt 0:04:24]} Rfd8 {[%emt 0:06:06]} 16. Qc2 {[%emt 0:01:16]} Ra7 {[%emt 0:01:22]} 17. Rc1 {[%emt 0:00:17]} c6 {[%emt 0:00:36]} 18. b3 {[%emt 0:06:01]} Be8 {[%emt 0:05:42]} 19. Nb2 {[%emt 0:00:22]} Nb7 {[%emt 0:02:24]} 20. Bd3 {[%emt 0:01:50]} g6 {[%emt 0:02:33]} 21. Na4 {[%emt 0:07:25]} Qc7 {[%emt 0:01:23]} 22. Qe2 {[%emt 0:00:10]} a5 {[%emt 0:04:55]} 23. Nd2 {[%emt 0:05:09]} Nd6 {[%emt 0:01:27]} 24. R3c2 {[%emt 0:02:11]} Qb8 {[%emt 0:03:12]} 25. Qf3 {[%emt 0:00:47]} Kg7 {[%emt 0:00:36]} 26. Qg3 {[%emt 0:00:05]} Rc7 {[%emt 0:01:47]} 27. f3 {[%emt 0:02:29]} Qa7 {[%emt 0:04:02]} 28. Kh1 {[%emt 0:02:04]} Nef5 {[%emt 0:07:44]} 29. Qf2 {[%emt 0:00:25]} Re7 {[%emt 0:01:55]} 30. Nf1 {[%emt 0:04:47]} h5 {[%emt 0:06:36]} 31. Re1 {[%emt 0:01:13]} Bd7 {[%emt 0:01:14]} 32. e4 {[%emt 0:05:19]} dxe4 {[%emt 0:02:44]} 33. fxe4 {[%emt 0:00:20]} Rde8 {[%emt 0:00:01]} 34. Rce2 {[%emt 0:00:50]} Nh6 {[%emt 0:02:25]} 35. Qg3 {[%emt 0:12:53]} Ndf7 {[%emt 0:02:51]} 36. Ne3 {[%emt 0:05:34]} Rxe4 {[%emt 0:06:12]} 37. Bxe4 {[%emt 0:00:41]} Rxe4 {[%emt 0:00:03]} 38. Rd2 {[%emt 0:02:41]} h4 {[%emt 0:00:55]} 39. Qf2 {[%emt 0:00:10]} Qb8 {[%emt 0:05:02]} 40. Rf1 {[%emt 0:00:00]} f5 {[%emt 0:01:17]} 41. Nc3 {[%emt 0:05:08]} Re7 {[%emt 0:02:40]} 42. Re2 {[%emt 0:02:15]} Qe8 {[%emt 0:06:50]} 43. Rfe1 {[%emt 0:05:22]} h3 {[%emt 0:08:55]} 44. gxh3 {[%emt 0:01:17]} b5 {[%emt 0:05:46]} 45. Ng4 {[%emt 0:03:26]} Rxe2 {[%emt 0:03:11]} 46. Rxe2 {[%emt 0:00:05]} Nxg4 {[%emt 0:01:33]} 47. hxg4 {[%emt 0:00:05]} Qd8 {[%emt 0:01:03]} 48. gxf5 {[%emt 0:02:55]} Bxf5 {[%emt 0:00:20]} 49. Qe3 {[%emt 0:00:25]} Qh4 {[%emt 0:02:13]} 50. Ne4 {[%emt 0:02:56]} Be6 {[%emt 0:00:59]} 51. Kg1 {[%emt 0:01:42]} Qg4+ {[%emt 0:00:46]} 52. Kf1 {[%emt 0:01:18]} Bd5 {[%emt 0:01:37]} 53. Nc3 {[%emt 0:00:47]} Bf3 {[%emt 0:00:28]} 54. Rf2 {[%emt 0:00:05]} Ng5 {[%emt 0:00:35]} 55. Qe5+ {[%emt 0:03:15]} Kh7 {[%emt 0:00:22]} 56. Qc7+ {[%emt 0:01:56]} Kh6 {[%emt 0:00:45]} 57. Qg3 {[%emt 0:01:13]} Qxg3 {[%emt 0:01:09]} 58. hxg3 {[%emt 0:00:01]} Kh5 {[%emt 0:00:31]} 59. Rh2+ {[%emt 0:00:18]} Kg4 {[%emt 0:00:04]} 60. Kf2 {[%emt 0:00:06]} Kf5 {[%emt 0:01:03]} 61. Rh8 {[%emt 0:01:10]} b4 {[%emt 0:00:24]} 62. Rf8+ {[%emt 0:00:06]} Ke6 {[%emt 0:00:14]} 63. Ne2 {[%emt 0:00:15]} Bxe2 {[%emt 0:00:52]} 64. Kxe2 {[%emt 0:00:05]} Ne4 {[%emt 0:00:10]} 65. Re8+ {[%emt 0:01:50]} Kd5 {[%emt 0:00:09]} 66. Ke3 {[%emt 0:00:10]} Nxg3 {[%emt 0:00:51]} 67. Re5+ {[%emt 0:00:04]} Kd6 {[%emt 0:00:02]} 68. Rxa5 {[%emt 0:00:10]} Nf5+ {[%emt 0:00:06]} 69. Ke4 {[%emt 0:00:12]} Ne7 {[%emt 0:00:18]} 70. Re5 {[%emt 0:00:58]} Nd5 {[%emt 0:01:02]} 71. Kd3 {[%emt 0:00:42]} c5 {[%emt 0:01:24]} 72. Rg5 {[%emt 0:00:09]} cxd4 {[%emt 0:00:29]} 73. Rxg6+ {[%emt 0:00:28]} Kc5 {[%emt 0:00:32]} 74. Rg5 {[%emt 0:00:04]} Kc6 {[%emt 0:00:16]} 75. Kxd4 {[%emt 0:00:05]} Nf4 {[%emt 0:01:10]} 76. Ke4 {Kd5+} 1-0

[Event "13th Poti Nana Aleksandria Cup"]
[Site "Poti"]
[Date "2018.07.15"]
[Round "4"]
[White "Harutyunian, Tigran K"]
[Black "Arabidze, Meri"]
[Result "1/2-1/2"]
[WhiteElo "2500"]
[BlackElo "2397"]
[Annotator "ChessBase"]
[PlyCount "66"]
[EventDate "2018.07.13"]
[EventType "swiss"]
[EventCountry "GEO"]
[SourceTitle "playchess.com"]
[Source "ChessBase"]
[SourceQuality "1"]
[TimeControl "40/5400+30:1800+30"]

1. d4 {[%emt 0:00:00]} d5 {[%emt 0:00:00]} 2. c4 {[%emt 0:00:09]} Nc6 {[%emt 0:00:13]} 3. cxd5 {[%emt 0:02:21]} Qxd5 {[%emt 0:00:09]} 4. e3 {[%emt 0:00:07]} e5 {[%emt 0:00:25]} 5. Nc3 {[%emt 0:00:12]} Bb4 {[%emt 0:00:15]} 6. Bd2 {[%emt 0:01:08]} Bxc3 {[%emt 0:00:48]} 7. bxc3 {[%emt 0:00:14]} Nf6 {[%emt 0:00:26]} 8. Qb3 {[%emt 0:13:59]} Qd6 {[%emt 0:07:12]} 9. Bc1 {[%emt 0:05:07]} Be6 {[%emt 0:04:52]} 10. Ba3 {[%emt 0:00:43]} Bxb3 {[%emt 0:06:06]} 11. Bxd6 {[%emt 0:00:06]} cxd6 {[%emt 0:00:16]} 12. axb3 {[%emt 0:00:05]} exd4 {[%emt 0:07:50]} 13. exd4 {[%emt 0:01:08]} Kd7 {[%emt 0:00:10]} 14. Bd3 {[%emt 0:01:15]} Rhe8+ {[%emt 0:07:30]} 15. Ne2 {[%emt 0:00:44]} a6 {[%emt 0:00:46]} 16. O-O {[%emt 0:02:12]} Kc7 {[%emt 0:03:10]} 17. Ra3 {[%emt 0:04:12]} b5 {[%emt 0:06:22]} 18. b4 {[%emt 0:04:52]} Nd5 {[%emt 0:03:36]} 19. f3 {[%emt 0:02:35]} f5 {[%emt 0:09:08]} 20. Kf2 {[%emt 0:00:39]} g6 {[%emt 0:01:05]} 21. h4 {[%emt 0:02:19]} Kb6 {[%emt 0:01:39]} 22. h5 {[%emt 0:06:44]} Ra7 {[%emt 0:03:30]} 23. Rh1 {[%emt 0:00:54]} Rae7 {[%emt 0:01:39]} 24. hxg6 {[%emt 0:05:48]} hxg6 {[%emt 0:00:12]} 25. Rha1 {[%emt 0:01:58]} Nb8 {[%emt 0:01:01]} 26. Rh1 {[%emt 0:04:41]} Nc6 {[%emt 0:05:33]} 27. Rha1 {[%emt 0:00:18]} Nb8 {[%emt 0:00:41]} 28. Rh1 {[%emt 0:00:06]} Re3 {[%emt 0:07:36]} 29. Rd1 {[%emt 0:00:35]} Nc6 {[%emt 0:02:47]} 30. Rd2 {[%emt 0:00:28]} R8e7 {[%emt 0:03:39]} 31. Rd1 {[%emt 0:05:08]} Re8 {[%emt 0:04:03]} 32. Rd2 {[%emt 0:00:06]} R8e7 {[%emt 0:05:29]} 33. Rd1 {[%emt 0:01:01]} Re8 {[%emt 0:00:13]} 1/2-1/2

[Event "13th Poti Nana Aleksandria Cup"]
[Site "Poti"]
[Date "2018.07.15"]
[Round "4"]
[White "Tutisani, Noe"]
[Black "Golubov, Saveliy"]
[Result "1/2-1/2"]
[WhiteElo "2469"]
[BlackElo "2488"]
[Annotator "RC"]
[PlyCount "72"]
[EventDate "2018.07.13"]
[EventType "swiss"]
[EventCountry "GEO"]
[SourceTitle "playchess.com"]
[Source "ChessBase"]
[SourceQuality "1"]
[TimeControl "40/5400+30:1800+30"]

1. e4 {[%emt 0:00:26]} e5 {[%emt 0:00:00]} 2. Nf3 {[%emt 0:00:04]} Nc6 {[%emt 0:00:00]} 3. Bc4 {[%emt 0:00:05]} h6 {[%emt 0:06:36]} 4. O-O {[%emt 0:01:22]} Nf6 {[%emt 0:01:10]} 5. d4 {[%emt 0:03:09]} exd4 {[%emt 0:04:17]} 6. e5 {[%emt 0:02:20]} d5 {[%emt 0:03:50]} 7. Bb5 {[%emt 0:00:08]} Ne4 {[%emt 0:02:16]} 8. Nxd4 {[%emt 0:00:07]} Bd7 {[%emt 0:00:36]} 9. Bxc6 {[%emt 0:19:51]} bxc6 {[%emt 0:02:03]} 10. Nd2 {[%emt 0:00:17]} Nxd2 {[%emt 0:08:28]} 11. Bxd2 {[%emt 0:01:26]} c5 {[%emt 0:00:16]} 12. e6 {[%emt 0:00:09]} Bxe6 {[%emt 0:01:22]} 13. Nxe6 {[%emt 0:00:18]} fxe6 {[%emt 0:00:07]} 14. Qg4 {[%emt 0:04:52]} Qf6 {[%emt 0:08:15]} 15. Rfe1 {[%emt 0:12:08]} Kd7 {[%emt 0:03:16]} 16. Qa4+ {[%emt 0:01:49]} c6 {[%emt 0:01:50]} 17. Qa6 {[%emt 0:06:50]} Bd6 {[%emt 0:05:47]} 18. Bc3 {[%emt 0:00:38]} d4 {[%emt 0:13:50]} 19. Qb7+ {[%emt 0:00:23]} Bc7 {[%emt 0:02:31]} 20. Ba5 {[%emt 0:00:06]} Qd8 {[%emt 0:01:28]} 21. b4 {[%emt 0:07:34]} Qb8 {[%emt 0:03:14]} 22. Qxc7+ {[%emt 0:02:29]} Qxc7 {[%emt 0:00:01]} 23. Bxc7 {[%emt 0:00:07]} Kxc7 {[%emt 0:00:07]} 24. bxc5 {[%emt 0:00:02]} Rhe8 {[%emt 0:00:39]} 25. Re4 {[%emt 0:06:15]} Rad8 {[%emt 0:00:54]} 26. Rd1 {[%emt 0:03:38]} e5 {[%emt 0:01:23]} 27. f4 {[%emt 0:00:12]} Rd5 {[%emt 0:04:05]} 28. Rd2 {[%emt 0:01:32]} Rxc5 {[%emt 0:01:12]} 29. fxe5 {[%emt 0:00:07]} Rcxe5 {[%emt 0:00:41]} 30. Rexd4 {[%emt 0:00:32]} R8e7 {[%emt 0:00:08]} 31. Kf2 {[%emt 0:01:11]} a5 {[%emt 0:09:21]} 32. R4d3 {[%emt 0:02:04]} Re4 {[%emt 0:01:32]} 33. Rf3 {[%emt 0:04:58]} Rc4 {[%emt 0:02:30]} 34. Re3 {[%emt 0:01:06]} Rf7+ {[%emt 0:00:35]} 35. Ke2 {[%emt 0:01:56]} Rcf4 {[%emt 0:01:10]} 36. Kd1 {[%emt 0:02:05]} Rf1+ {[%emt 0:05:45]} 1/2-1/2

[Event "13th Poti Nana Aleksandria Cup"]
[Site "Poti"]
[Date "2018.07.15"]
[Round "4"]
[White "Hayrapetyan, Hovik"]
[Black "Gordon, Evgeny"]
[Result "1-0"]
[WhiteElo "2453"]
[BlackElo "2016"]
[Annotator "ChessBase"]
[PlyCount "41"]
[EventDate "2018.07.13"]
[EventType "swiss"]
[EventCountry "GEO"]
[SourceTitle "playchess.com"]
[Source "ChessBase"]
[SourceQuality "1"]
[TimeControl "40/5400+30:1800+30"]

1. d4 {[%emt 0:00:00]} d5 {[%emt 0:00:00]} 2. c4 {[%emt 0:00:00]} e6 {[%emt 0:00:00]} 3. Nc3 {[%emt 0:00:04]} Be7 {[%emt 0:00:00]} 4. Nf3 {[%emt 0:00:33]} Nf6 {[%emt 0:00:04]} 5. Bg5 {[%emt 0:00:31]} O-O {[%emt 0:00:28]} 6. e3 {[%emt 0:00:08]} h6 {[%emt 0:01:21]} 7. Bh4 {[%emt 0:00:48]} Ne4 {[%emt 0:01:56]} 8. Bxe7 {[%emt 0:00:24]} Qxe7 {[%emt 0:00:02]} 9. cxd5 {[%emt 0:08:57]} Nxc3 {[%emt 0:00:15]} 10. bxc3 {[%emt 0:00:03]} exd5 {[%emt 0:00:09]} 11. c4 {[%emt 0:00:01]} dxc4 {[%emt 0:11:24]} 12. Bxc4 {[%emt 0:00:08]} b6 {[%emt 0:01:03]} 13. O-O {[%emt 0:01:34]} Bb7 {[%emt 0:00:14]} 14. Rc1 {[%emt 0:04:25]} c6 {[%emt 0:07:58]} 15. Ne5 {[%emt 0:03:07]} c5 {[%emt 0:10:47]} 16. Qg4 {[%emt 0:01:07]} Qg5 {[%emt 0:03:25]} 17. Qxg5 {[%emt 0:00:23]} hxg5 {[%emt 0:00:01]} 18. dxc5 {[%emt 0:00:38]} bxc5 {[%emt 0:00:11]} 19. Rfd1 {[%emt 0:00:26]} Kh7 {[%emt 0:07:47]} 20. Nxf7 {[%emt 0:00:23]} Kg6 {[%emt 0:00:46]} 21. Rd6+ {[%emt 0:00:07]} 1-0